Cities of Santa Barbara County on a Map - Statistics

General Stats
  • This quiz has been taken 290 times
  • The average score is 6 of 8
Answers on the Map
Answers color-coded by a green-red scale on the quiz's map according to % correct below.
 
Answer Stats
Answer % Correct
Santa Barbara
100%
Santa Maria
79%
Goleta
77%
Solvang
68%
Lompoc
67%
Carpinteria
65%
Buellton
54%
Guadalupe
42%
No matching quizzes found
Score Distribution
Percent of People with Each Score
Percentile by Number Answered
Your Score History
You have not taken this quiz